Projektorientált szervezetek projektmenedzsmentje

Bibliográfiai részletek
Szerző: Kelemen Gréta Lilla
További közreműködők: Németh Szilárd
Dokumentumtípus: Projektmunka
Kulcsszavak:Projektmenedzsment
projektorientált
Az Európai Unió támogatási rendszere
Online Access:http://dolgozattar.uni-bge.hu/11673

MARC

LEADER 00000nnm a2200000 i 4500
001 dolg11673
005 20170522104332.0
008 170522suuuu hu o 000 hun d
040 |a BGE Dolgozattár Repozitórium  |b hun 
041 |a hu 
100 1 |a Kelemen Gréta Lilla 
245 1 0 |a Projektorientált szervezetek projektmenedzsmentje  |c Kelemen Gréta Lilla  |h [elektronikus dokumentum] 
516 |a Project_work 
695 |a Projektmenedzsment 
695 |a projektorientált 
695 |a Az Európai Unió támogatási rendszere 
700 1 |a Németh Szilárd  |e ths 
856 4 0 |u http://dolgozattar.uni-bge.hu/11673/1/SKMBT_C36017051610240.pdf  |z Dokumentum-elérés